000 01098nam a2200313Ia 4500
003 OSt
005 20221007125647.0
006 a|||||r|||| 00| 0
007 ta
008 221006b |||||||| |||| 00| 0 eng d
020 _a0071253017 (pbk)
_cRs.628.29
024 _a65423
037 _b089/2006-07, 12/09/2006, Educational Book Agency (India)
_cTextual
040 _aCDL
_cCDL
_beng
041 _2eng
_aeng
082 _aE9G, N3;P6-;1 Carc
100 _aMurray Robert K
245 0 _aHarper's illustrated biochemistry
_b Granner Daryl K Rodwell Victor W
250 _a27
260 _aBoston
_bMcGraw-Hill Companies Inc.
_c2006
300 _ax,692p.
_ccm.
500 _aIncludes bibliographical references.; Appendix 641-642p.; Index 643-692p.
650 _a Biochemistry
650 _aChemistry
700 _a Granner Daryl K
700 _a Rodwell Victor W
942 _hE9G, N3;P6-;1 Carc
_cTEXL
_2CC
999 _c1215662
_d1215662